| 000 | 00994nam a22003137a 4500 | ||
|---|---|---|---|
| 003 | CHAP | ||
| 005 | 20220329133153.0 | ||
| 008 | 971013s r 00010 d | ||
| 010 | _a2956 | ||
| 011 | _a3928 | ||
| 035 | _a3129 | ||
| 040 | _cCHAP | ||
| 090 | _aFolleto 13585 | ||
| 100 | 0 | 0 |
_aSánchez, Pedro. _9107960 |
| 245 | _aMalezas importantes de Cuba | ||
| 260 |
_aLa Habana : _bINIFAT, _c[198?] |
||
| 300 |
_a63 p. _b: ilus |
||
| 500 | _aD48-13 | ||
| 590 |
_aBATCH-UPD _b10 _c20130110 _lUCH01 _h0033 |
||
| 590 |
_aBATCH-UPD _b10 _c20130110 _lUCH01 _h2239 |
||
| 590 |
_aBATCH-UPD _b10 _c20130409 _lUCH01 _h2016 |
||
| 590 |
_aBATCH-UPD _b10 _c20130914 _lUCH01 _h1648 |
||
| 590 |
_aCONVERSION _b10 _c20130109 _lUCH01 _h1303 |
||
| 650 | 1 | 4 |
_aMalas hierbas _xCuba. _970014 |
| 710 | 0 |
_aInstituto de Investigaciones Fundamentales en Agricultura Tropical Alejandro de Humboldt. La Habana, Cuba. _959147 |
|
| 901 | _aBK | ||
| 942 | _cFOLL | ||
| 949 |
_aFolleto 13585 _bBC _cFOLL _d-12640 _eTS1 _i3129 _mD _si |
||
| 999 |
_c2956 _d2956 |
||